Colonial legacy in North East India / (Record no. 9634)
[ view plain ]
| 000 -LEADER | |
|---|---|
| fixed length control field | 01618nam a22002777a 4500 |
| 003 - CONTROL NUMBER IDENTIFIER | |
| control field | GBCCL |
| 005 - DATE AND TIME OF LATEST TRANSACTION | |
| control field | 20241126110716.0 |
| 008 - FIXED-LENGTH DATA ELEMENTS--GENERAL INFORMATION | |
| fixed length control field | 230331b ||||| |||| 00| 0 eng d |
| 020 ## - INTERNATIONAL STANDARD BOOK NUMBER | |
| International Standard Book Number | 9789388937641 |
| 020 ## - INTERNATIONAL STANDARD BOOK NUMBER | |
| International Standard Book Number | 9388937643 |
| 040 ## - CATALOGING SOURCE | |
| Transcribing agency | GBC |
| 082 ## - DEWEY DECIMAL CLASSIFICATION NUMBER | |
| Classification number | 954.1 |
| Item number | NAT |
| 110 ## - MAIN ENTRY--CORPORATE NAME | |
| Corporate name or jurisdiction name as entry element | National Symposium on Revisiting Colonial Legacy in North East India |
| 9 (RLIN) | 16723 |
| 245 ## - TITLE STATEMENT | |
| Title | Colonial legacy in North East India / |
| Statement of responsibility, etc. | edited by Shukhdeba Sharma Hanjabam , Aheibam Koireng Singh |
| 260 ## - PUBLICATION, DISTRIBUTION, ETC. | |
| Place of publication, distribution, etc. | New Delhi, |
| Name of publisher, distributor, etc. | Jointly published for Intellectual Forum of North East India, Guwahati by Concept Publishing Company Pvt. Ltd., |
| Date of publication, distribution, etc. | 2020 |
| 300 ## - PHYSICAL DESCRIPTION | |
| Extent | xviii, 291 pages ; |
| Dimensions | 23 cm |
| 505 ## - FORMATTED CONTENTS NOTE | |
| Formatted contents note | "This book is an outcome of the National Symposium on Revisiting Colonial Legacy in North East India on 2-3 February, 2018, at the Central Hall of Ghanapriya Womens' College, a constituent college of Dhanamanjuri University, Imphal which was jointly organised by Intellectual Forum of North East; Dhanamanjuri University, Imphal; Department of Social Work, Indira Gandhi National Tribal University, Manipur; and Centre for Manipur Studies, Manipur University, Canchipur"--Acknowledgements |
| 650 ## - SUBJECT ADDED ENTRY--TOPICAL TERM | |
| Topical term or geographic name entry element | Anti-imperialist movements |
| 9 (RLIN) | 16724 |
| 650 ## - SUBJECT ADDED ENTRY--TOPICAL TERM | |
| Topical term or geographic name entry element | Anti-imperialist movements India, |
| Form subdivision | Northeastern Congresses |
| 9 (RLIN) | 16725 |
| 650 ## - SUBJECT ADDED ENTRY--TOPICAL TERM | |
| Topical term or geographic name entry element | Conference papers and proceedings |
| 9 (RLIN) | 16584 |
| 650 ## - SUBJECT ADDED ENTRY--TOPICAL TERM | |
| Topical term or geographic name entry element | Ethnic relations |
| 9 (RLIN) | 16726 |
| 650 ## - SUBJECT ADDED ENTRY--TOPICAL TERM | |
| Topical term or geographic name entry element | History India, Northeastern |
| Form subdivision | Ethnic relations |
| General subdivision | Congresses |
| 9 (RLIN) | 16727 |
| 650 ## - SUBJECT ADDED ENTRY--TOPICAL TERM | |
| Topical term or geographic name entry element | India, |
| Form subdivision | Northeastern |
| General subdivision | History |
| -- | Congresses |
| 9 (RLIN) | 16728 |
| 650 ## - SUBJECT ADDED ENTRY--TOPICAL TERM | |
| Topical term or geographic name entry element | Northeastern India |
| 9 (RLIN) | 16586 |
| 942 ## - ADDED ENTRY ELEMENTS (KOHA) | |
| Source of classification or shelving scheme | Dewey Decimal Classification |
| Koha item type | Books |
| Koha issues (borrowed), all copies | 4 |
| Withdrawn status | Lost status | Source of classification or shelving scheme | Damaged status | Not for loan | Home library | Current Library | Shelving location | Date acquired | Total checkouts | Full call number | Barcode | Date last seen | Date last checked out | Copy number | Price effective from | Koha item type |
|---|---|---|---|---|---|---|---|---|---|---|---|---|---|---|---|---|
| Dewey Decimal Classification | GRACE BIBLE COLLEGE | GRACE BIBLE COLLEGE | North East Collection | 2023-03-31 | 5 | 954.1 NAT | 016162 | 2025-05-01 | 2025-01-14 | c.1 | 2023-03-31 | Books |